| 000 | 02382nam0a2200469 4500 | ||
|---|---|---|---|
| 001 | RU\NLR\bibl\88228 | ||
| 005 | 20260407064929.0 | ||
| 010 |
_a5-89833-004-6 _9225000 |
||
| 020 |
_aRU _b98-31952 _9Книжная летопись |
||
| 021 |
_aRU _b98-23154 _91094 |
||
| 035 | _a(NLR Aleph) 000086184 | ||
| 090 |
_a481807 _c481807 |
||
| 100 | _a20000410d1998 |||y0rusy50 ca | ||
| 101 | 0 | _arus | |
| 102 | _aRU | ||
| 105 | _ay ||||||||| | ||
| 200 | 1 |
_aВрачи советуют: смеяться полезно! _eСб. юморист. рассказов _fАссоц. "Мед. лит." |
|
| 210 |
_aМ. _cЛИТАС _d1998 |
||
| 215 |
_a334,[1] с. _d12 |
||
| 225 | 1 | _aНаучно-популярная серия "Врачи рассказывают" | |
| 327 | 1 | _aСодерж.: Авт.: Аверченко А. Т., Андронников И. Л., О. Генри, Зощенко М. М., Каттнер Г., Киплинг Р., Ликок С., Твен М., Чапек К. | |
| 610 | 0 | _aСатира и юмор (х. л.) | |
| 675 |
_a82(100)-7 _v3 _zrus |
||
| 686 |
_a17 _2rugasnti |
||
| 686 |
_a84 _2rubbk |
||
| 701 | 1 |
_4070 _8rus _7ca _aАверченко _bА.Т. _f1881-1925 _gАркадий Тимофеевич _3RU\NLR\auth\7711620 _9121362 |
|
| 701 | 1 |
_4070 _8rus _7ca _aАндроников _bИ. Л. _f1908-1990 _gИраклий Луарсабович _3RU\NLR\auth\7715553 _9125202 |
|
| 701 | 1 |
_4070 _8rus _7ca _aГенри _bО. _f1862-1910 _3RU\NLR\AUTH\77198 _9110263 |
|
| 701 | 1 |
_4070 _8rus _7ca _aЗощенко _bМ. М. _f1894-1958 _gМихаил Михайлович _3RU\NLR\auth\7710334 _9120112 |
|
| 701 | 1 |
_aКаттнер _bГ. _4070 |
|
| 701 | 1 |
_4070 _8rus _7ca _aКиплинг _bР. _f1865-1936 _gРедьярд _3RU\NLR\auth\775969 _9115925 |
|
| 701 | 1 |
_4070 _8rus _7ca _aЛикок _bС.Б. _f1869-1944 _gСтивен Батлер _3RU\NLR\auth\7717860 _9944 |
|
| 701 | 1 |
_4070 _8rus _7ca _aТвен _bМ. _f1835-1910 _gМарк _3RU\NLR\auth\77201 _9110265 |
|
| 701 | 1 |
_4070 _8rus _7ca _aЧапек _bК. _gКарел _f1890-1938 _3RU\NLR\auth\7729699 _912727 |
|
| 712 | 0 | 2 |
_4570 _a"Медицинская литература", ассоциация _cМосква _3RU\NLR\AUTH\8810029899 _9558380 |
| 801 | 0 |
_aRU _bRKP _c20000410 _gPSBO |
|
| 801 | 1 |
_aRU _bRKP _c20000410 |
|
| 801 | 2 |
_aRU _bNLR _c20120523 _grcr |
|
| 852 |
_aNLR _j98-2/1373 |
||
| 942 | _cBOOK | ||
| 980 | _aNB | ||